[Event "Villarobledo Online Qualifyer"]
[Site "playchess.com #155672"]
[Date "2009.05.23"]
[Round "12"]
[White "Senad_tesanj"]
[Black "Spirliadis"]
[Result "1-0"]
[WhiteElo "1620"]
[BlackElo "1863"]
[PlyCount "53"]
[EventDate "2009.05.23"]
[EventType "swiss (blitz)"]

1. e4 {[%emt 0:00:05]} a5 {[%emt 0:00:01]} 2. Nf3 {[%emt 0:00:03]} h5 {[%emt 0:
00:01]} 3. d4 {[%emt 0:00:01]} e6 {[%emt 0:00:01]} 4. c4 {[%emt 0:00:03]} c5 {
[%emt 0:00:02]} 5. d5 {[%emt 0:00:05]} d6 {[%emt 0:00:00]} 6. e5 {[%emt 0:00:
13]} exd5 {[%emt 0:00:03]} 7. Qxd5 {[%emt 0:00:04]} Ne7 {[%emt 0:00:01]} 8. Qe4
{[%emt 0:00:17]} Bf5 {[%emt 0:00:02]} 9. Qxb7 {[%emt 0:00:06]} Nbc6 {[%emt 0:
00:01]} 10. exd6 {[%emt 0:00:17]} Ra7 {[%emt 0:00:14]} 11. dxe7 {[%emt 0:00:12]
} Rxb7 {[%emt 0:00:14]} 12. exd8=Q+ {[%emt 0:00:05]} Kxd8 {[%emt 0:00:00]} 13.
Be2 {[%emt 0:00:15]} Bd6 {[%emt 0:00:00]} 14. O-O {[%emt 0:00:02]} Nb4 {[%emt
0:00:00]} 15. Na3 {[%emt 0:00:07]} Re8 {[%emt 0:00:01]} 16. Be3 {[%emt 0:00:08]
} Nc6 {[%emt 0:00:05]} 17. Nb5 {[%emt 0:00:04]} Be7 {[%emt 0:00:07]} 18. Rfd1+
{[%emt 0:00:14]} Kc8 {[%emt 0:00:01]} 19. Nd6+ {[%emt 0:00:10]} Bxd6 {[%emt 0:
00:01]} 20. Rxd6 {[%emt 0:00:01]} Kc7 {[%emt 0:00:02]} 21. Bxc5 {[%emt 0:00:06]
} Rxe2 {[%emt 0:00:05]} 22. b3 {[%emt 0:00:10]} Be4 {[%emt 0:00:16]} 23. Nd4 {
[%emt 0:00:18]} Ne5 {[%emt 0:00:02]} 24. Nxe2 {[%emt 0:00:06]} Bd3 {[%emt 0:00:
01]} 25. Nc3 {[%emt 0:00:08]} a4 {[%emt 0:00:03]} 26. Nd5+ {[%emt 0:00:04]} Kb8
{[%emt 0:00:01]} 27. Rd8# {[%emt 0:00:08]} 1-0

[Event "Villarobledo Online Qualifyer"]
[Site "playchess.com #155672"]
[Date "2009.05.23"]
[Round "12"]
[White "Juanma9413"]
[Black "Tdurden"]
[Result "0-1"]
[WhiteElo "1909"]
[BlackElo "2187"]
[PlyCount "86"]
[EventDate "2009.05.23"]
[EventType "swiss (blitz)"]

1. e4 {[%emt 0:00:03]} e5 {[%emt 0:00:01]} 2. Nf3 {[%emt 0:00:02]} Nf6 {[%emt
0:00:01]} 3. Nxe5 {[%emt 0:00:02]} d6 {[%emt 0:00:02]} 4. Nf3 {[%emt 0:00:01]}
Nxe4 {[%emt 0:00:01]} 5. Nc3 {[%emt 0:00:01]} Nxc3 {[%emt 0:00:03]} 6. dxc3 {
[%emt 0:00:01]} Be7 {[%emt 0:00:00]} 7. Be3 {[%emt 0:00:01]} Nc6 {[%emt 0:00:
02]} 8. Qd2 {[%emt 0:00:02]} Be6 {[%emt 0:00:01]} 9. Be2 {[%emt 0:00:06]} Qd7 {
[%emt 0:00:01]} 10. Nd4 {[%emt 0:00:02]} Nxd4 {[%emt 0:00:05]} 11. cxd4 {[%emt
0:00:03]} O-O {[%emt 0:00:13]} 12. O-O {[%emt 0:00:06]} Bf6 {[%emt 0:00:01]}
13. d5 {[%emt 0:00:04]} Bf5 {[%emt 0:00:04]} 14. c4 {[%emt 0:00:07]} Rfe8 {
[%emt 0:00:05]} 15. Bd3 {[%emt 0:00:02]} Bxd3 {[%emt 0:00:04]} 16. Qxd3 {[%emt
0:00:01]} Bxb2 {[%emt 0:00:01]} 17. Rab1 {[%emt 0:00:01]} Bf6 {[%emt 0:00:07]}
18. Rxb7 {[%emt 0:00:02]} Reb8 {[%emt 0:00:03]} 19. Rfb1 {[%emt 0:00:02]} Rxb7
{[%emt 0:00:04]} 20. Rxb7 {[%emt 0:00:02]} Qa4 {[%emt 0:00:01]} 21. a3 {[%emt
0:00:09]} Qa5 {[%emt 0:00:13]} 22. h3 {[%emt 0:00:09]} g6 {[%emt 0:00:20]} 23.
Qb3 {[%emt 0:00:14]} Kg7 {[%emt 0:00:07]} 24. Qb4 {[%emt 0:00:05]} Qxb4 {[%emt
0:00:12]} 25. axb4 {[%emt 0:00:02]} Bc3 {[%emt 0:00:05]} 26. b5 {[%emt 0:00:15]
} Ba5 {[%emt 0:00:02]} 27. Rxa7 {[%emt 0:00:01]} Rxa7 {[%emt 0:00:02]} 28. Bxa7
{[%emt 0:00:01]} Kf6 {[%emt 0:00:00]} 29. Bd4+ {[%emt 0:00:02]} Kf5 {[%emt 0:
00:02]} 30. Kf1 {[%emt 0:00:02]} Ke4 {[%emt 0:00:01]} 31. Be3 {[%emt 0:00:12]}
Kd3 {[%emt 0:00:01]} 32. c5 {[%emt 0:00:01]} dxc5 {[%emt 0:00:03]} 33. Bxc5 {
[%emt 0:00:01]} Kc4 {[%emt 0:00:01]} 34. b6 {[%emt 0:00:08]} cxb6 {[%emt 0:00:
11]} 35. Bf8 {[%emt 0:00:08]} Kxd5 {[%emt 0:00:02]} 36. Ke2 {[%emt 0:00:01]}
Kc4 {[%emt 0:00:01]} 37. Kd1 {[%emt 0:00:02]} b5 {[%emt 0:00:02]} 38. Kc2 {
[%emt 0:00:01]} b4 {[%emt 0:00:01]} 39. f4 {[%emt 0:00:02]} b3+ {[%emt 0:00:01]
} 40. Kb2 {[%emt 0:00:02]} Bc3+ {[%emt 0:00:01]} 41. Kb1 {[%emt 0:00:01]} Kd3 {
[%emt 0:00:01]} 42. g4 {[%emt 0:00:06]} Ke4 {[%emt 0:00:01]} 43. Bg7 {[%emt 0:
00:02]} Bxg7 {[%emt 0:00:03] Juanma9413 rinde} 0-1

[Event "Villarobledo Online Qualifyer"]
[Site "playchess.com #155672"]
[Date "2009.05.23"]
[Round "12"]
[White "-st!er-"]
[Black "Tomik Trhal"]
[Result "1-0"]
[WhiteElo "2749"]
[BlackElo "2213"]
[PlyCount "83"]
[EventDate "2009.05.23"]
[EventType "swiss (blitz)"]

1. d4 {[%emt 0:00:06]} Nf6 {[%emt 0:00:02]} 2. c4 {[%emt 0:00:01]} e6 {[%emt 0:
00:02]} 3. Nf3 {[%emt 0:00:01]} b6 {[%emt 0:00:01]} 4. g3 {[%emt 0:00:01]} Bb7
{[%emt 0:00:01]} 5. Bg2 {[%emt 0:00:02]} Be7 {[%emt 0:00:01]} 6. Nc3 {[%emt 0:
00:02]} Ne4 {[%emt 0:00:03]} 7. Qc2 {[%emt 0:00:01]} Nxc3 {[%emt 0:00:02]} 8.
Qxc3 {[%emt 0:00:01]} O-O {[%emt 0:00:01]} 9. O-O {[%emt 0:00:01]} d6 {[%emt 0:
00:02]} 10. Rd1 {[%emt 0:00:05]} Nd7 {[%emt 0:00:01]} 11. d5 {[%emt 0:00:02]}
e5 {[%emt 0:00:08]} 12. e4 {[%emt 0:00:01]} a5 {[%emt 0:00:03]} 13. b3 {[%emt
0:00:02]} Nc5 {[%emt 0:00:01]} 14. Qc2 {[%emt 0:00:01]} Bc8 {[%emt 0:00:06]}
15. h3 {[%emt 0:00:10]} f5 {[%emt 0:00:06]} 16. exf5 {[%emt 0:00:01]} Bxf5 {
[%emt 0:00:01]} 17. Qe2 {[%emt 0:00:00]} Bf6 {[%emt 0:00:16]} 18. Bb2 {[%emt 0:
00:07]} Qd7 {[%emt 0:00:12]} 19. Kh2 {[%emt 0:00:02]} Rae8 {[%emt 0:00:42]} 20.
Rd2 {[%emt 0:00:03]} Ne4 {[%emt 0:00:05]} 21. Rdd1 {[%emt 0:00:06]} Nc5 {[%emt
0:00:01]} 22. Ba3 {[%emt 0:00:02]} e4 {[%emt 0:00:20]} 23. Nd4 {[%emt 0:00:03]}
Bxd4 {[%emt 0:00:00]} 24. Rxd4 {[%emt 0:00:01]} Bg6 {[%emt 0:00:01]} 25. Rd2 {
[%emt 0:00:07]} Nd3 {[%emt 0:00:05]} 26. Qe3 {[%emt 0:00:02]} Rf7 {[%emt 0:00:
07]} 27. Bb2 {[%emt 0:00:03]} Ref8 {[%emt 0:00:04]} 28. Rf1 {[%emt 0:00:01]}
Bf5 {[%emt 0:00:12]} 29. Bd4 {[%emt 0:00:06]} Ne5 {[%emt 0:00:17]} 30. Bxe5 {
[%emt 0:00:14]} dxe5 {[%emt 0:00:01]} 31. d6 {[%emt 0:00:03]} cxd6 {[%emt 0:00:
02]} 32. Qxb6 {[%emt 0:00:01]} Rf6 {[%emt 0:00:08]} 33. Qxa5 {[%emt 0:00:02]}
Qe6 {[%emt 0:00:01]} 34. Qd5 {[%emt 0:00:06]} Qxd5 {[%emt 0:00:03]} 35. Rxd5 {
[%emt 0:00:01]} Rh6 {[%emt 0:00:01]} 36. Rd2 {[%emt 0:00:12]} Bc8 {[%emt 0:00:
06]} 37. Re1 {[%emt 0:00:03]} Rf5 {[%emt 0:00:04]} 38. Rxe4 {[%emt 0:00:03]}
Rfh5 {[%emt 0:00:01]} 39. g4 {[%emt 0:00:01]} Rg5 {[%emt 0:00:02]} 40. Kg3 {
[%emt 0:00:03]} Bb7 {[%emt 0:00:04]} 41. Re3 {[%emt 0:00:02]} Bc8 {[%emt 0:00:
02]} 42. c5 {[%emt 0:00:02] Tomik Trhal resigns} 1-0

[Event "Villarobledo Online Qualifyer"]
[Site "playchess.com #155672"]
[Date "2009.05.23"]
[Round "12"]
[White "Secondwind"]
[Black "Clocktower"]
[Result "1-0"]
[WhiteElo "2258"]
[BlackElo "2072"]
[PlyCount "67"]
[EventDate "2009.05.23"]
[EventType "swiss (blitz)"]

1. c4 {[%emt 0:00:02]} c5 {[%emt 0:00:00]} 2. Nc3 {[%emt 0:00:01]} g6 {[%emt 0:
00:04]} 3. g3 {[%emt 0:00:01]} Bg7 {[%emt 0:00:01]} 4. Bg2 {[%emt 0:00:00]} Nf6
{[%emt 0:00:01]} 5. e3 {[%emt 0:00:04]} O-O {[%emt 0:00:01]} 6. Nge2 {[%emt 0:
00:01]} d6 {[%emt 0:00:01]} 7. d4 {[%emt 0:00:01]} Nc6 {[%emt 0:00:05]} 8. O-O
{[%emt 0:00:02]} cxd4 {[%emt 0:00:03]} 9. exd4 {[%emt 0:00:05]} Bg4 {[%emt 0:
00:00]} 10. h3 {[%emt 0:00:04]} Bf5 {[%emt 0:00:02]} 11. Be3 {[%emt 0:00:05]}
Qd7 {[%emt 0:00:04]} 12. Kh2 {[%emt 0:00:02]} h5 {[%emt 0:00:04]} 13. Rc1 {
[%emt 0:00:11]} Rac8 {[%emt 0:00:07]} 14. b3 {[%emt 0:00:06]} Nb4 {[%emt 0:00:
11] Clocktower bietet Remis} 15. Nf4 {[%emt 0:00:20]} h4 {[%emt 0:00:08]} 16.
g4 {[%emt 0:00:01]} Bxg4 {[%emt 0:00:01]} 17. hxg4 {[%emt 0:00:01]} Nxg4+ {
[%emt 0:00:00]} 18. Kh1 {[%emt 0:00:09]} g5 {[%emt 0:00:01]} 19. Nh5 {[%emt 0:
00:18]} f5 {[%emt 0:00:09]} 20. Bxg5 {[%emt 0:00:08]} e5 {[%emt 0:00:13]} 21.
dxe5 {[%emt 0:00:08]} Bxe5 {[%emt 0:00:00]} 22. a3 {[%emt 0:00:21]} Nc6 {[%emt
0:00:04]} 23. Qd2 {[%emt 0:00:17]} Kf7 {[%emt 0:00:04]} 24. Bh3 {[%emt 0:00:03]
} Rh8 {[%emt 0:00:04]} 25. Nf4 {[%emt 0:00:03]} Nd4 {[%emt 0:00:08]} 26. f3 {
[%emt 0:00:08]} Nf6 {[%emt 0:00:21]} 27. Nce2 {[%emt 0:00:05]} Nxe2 {[%emt 0:
00:06]} 28. Nxe2 {[%emt 0:00:04]} Rcg8 {[%emt 0:00:04]} 29. f4 {[%emt 0:00:02]}
Ne4 {[%emt 0:00:26]} 30. Qd5+ {[%emt 0:00:04]} Kf8 {[%emt 0:00:12]} 31. Qxe4 {
[%emt 0:00:02]} Rxg5 {[%emt 0:00:10]} 32. fxg5 {[%emt 0:00:04]} Rg8 {[%emt 0:
00:05]} 33. Qxf5+ {[%emt 0:00:02]} Ke8 {[%emt 0:00:01]} 34. Qxd7# {[%emt 0:00:
01]} 1-0

[Event "Villarobledo Online Qualifyer"]
[Site "playchess.com #155672"]
[Date "2009.05.23"]
[Round "12"]
[White "Altruder"]
[Black "Fotros"]
[Result "1-0"]
[WhiteElo "1699"]
[BlackElo "1778"]
[PlyCount "61"]
[EventDate "2009.05.23"]
[EventType "swiss (blitz)"]

1. e4 {[%emt 0:00:01]} c5 {[%emt 0:00:02]} 2. c3 {[%emt 0:00:01]} e6 {[%emt 0:
00:01]} 3. d4 {[%emt 0:00:01]} d5 {[%emt 0:00:01]} 4. e5 {[%emt 0:00:01]} Nc6 {
[%emt 0:00:02]} 5. Nf3 {[%emt 0:00:02]} Nge7 {[%emt 0:00:01]} 6. Be3 {[%emt 0:
00:01]} Nf5 {[%emt 0:00:02]} 7. Qd2 {[%emt 0:00:01]} cxd4 {[%emt 0:00:02]} 8.
cxd4 {[%emt 0:00:02]} Qb6 {[%emt 0:00:03]} 9. Nc3 {[%emt 0:00:02]} Bd7 {[%emt
0:00:12]} 10. Bd3 {[%emt 0:00:01]} Nxe3 {[%emt 0:00:03]} 11. fxe3 {[%emt 0:00:
01]} Be7 {[%emt 0:00:02]} 12. O-O {[%emt 0:00:02]} f6 {[%emt 0:00:03]} 13. Kh1
{[%emt 0:00:06]} O-O {[%emt 0:00:05]} 14. e4 {[%emt 0:00:01]} fxe5 {[%emt 0:00:
02]} 15. exd5 {[%emt 0:00:03]} Nxd4 {[%emt 0:00:04]} 16. Nxd4 {[%emt 0:00:01]}
Qxd4 {[%emt 0:00:09]} 17. dxe6 {[%emt 0:00:02]} Bxe6 {[%emt 0:00:01]} 18. Qc2 {
[%emt 0:00:09]} h6 {[%emt 0:00:12]} 19. Bh7+ {[%emt 0:00:03]} Kh8 {[%emt 0:00:
02]} 20. Bg6 {[%emt 0:00:01]} Rac8 {[%emt 0:00:11]} 21. Rad1 {[%emt 0:00:03]}
Qh4 {[%emt 0:00:11]} 22. Qe4 {[%emt 0:00:10]} Qg5 {[%emt 0:00:49]} 23. a3 {
[%emt 0:00:29]} Bc4 {[%emt 0:00:42]} 24. Rxf8+ {[%emt 0:00:08]} Bxf8 {[%emt 0:
00:01]} 25. Re1 {[%emt 0:00:05]} Ba6 {[%emt 0:00:37]} 26. Bf5 {[%emt 0:00:04]}
Re8 {[%emt 0:00:05]} 27. Nd5 {[%emt 0:00:12] .} Bd6 {[%emt 0:00:03]} 28. Nf4 {
[%emt 0:00:12]} Rd8 {[%emt 0:00:05]} 29. Ng6+ {[%emt 0:00:02]} Kg8 {[%emt 0:00:
02]} 30. Be6+ {[%emt 0:00:01]} Kh7 {[%emt 0:00:03]} 31. Nf8+ {[%emt 0:00:08]
Fotros resigns} 1-0

[Event "Villarobledo Online Qualifyer"]
[Site "playchess.com #155672"]
[Date "2009.05.23"]
[Round "12"]
[White "drift"]
[Black "Sophie_Neveu"]
[Result "0-1"]
[WhiteElo "1849"]
[BlackElo "2127"]
[PlyCount "70"]
[EventDate "2009.05.23"]
[EventType "swiss (blitz)"]

1. d4 {[%emt 0:00:02]} d5 {[%emt 0:00:01]} 2. Nf3 {[%emt 0:00:03]} Nf6 {[%emt
0:00:01]} 3. e3 {[%emt 0:00:10]} c6 {[%emt 0:00:01]} 4. Nbd2 {[%emt 0:00:05]}
Bg4 {[%emt 0:00:01]} 5. Be2 {[%emt 0:00:03]} e6 {[%emt 0:00:01]} 6. O-O {[%emt
0:00:01]} Nbd7 {[%emt 0:00:01]} 7. c4 {[%emt 0:00:01]} Bd6 {[%emt 0:00:01]} 8.
b3 {[%emt 0:00:01]} O-O {[%emt 0:00:01]} 9. Bb2 {[%emt 0:00:01]} a5 {[%emt 0:
00:02]} 10. Ne5 {[%emt 0:00:01]} Bxe2 {[%emt 0:00:04]} 11. Qxe2 {[%emt 0:00:01]
} a4 {[%emt 0:00:10]} 12. f4 {[%emt 0:00:02]} Qa5 {[%emt 0:00:08]} 13. Rac1 {
[%emt 0:00:18]} axb3 {[%emt 0:00:03]} 14. axb3 {[%emt 0:00:05]} Ba3 {[%emt 0:
00:31]} 15. Ra1 {[%emt 0:00:06]} Qb4 {[%emt 0:00:01]} 16. Nd3 {[%emt 0:00:03]}
Bxb2 {[%emt 0:00:25]} 17. Nxb4 {[%emt 0:00:03]} Bxa1 {[%emt 0:00:02]} 18. c5 {
[%emt 0:00:09]} Bc3 {[%emt 0:00:02]} 19. Nd3 {[%emt 0:00:06]} Ra2 {[%emt 0:00:
01]} 20. Rd1 {[%emt 0:00:02]} Ne4 {[%emt 0:00:01]} 21. Nc1 {[%emt 0:00:06]}
Rxd2 {[%emt 0:00:10]} 22. Rxd2 {[%emt 0:00:02]} Bxd2 {[%emt 0:00:01]} 23. Na2 {
[%emt 0:00:05]} Ra8 {[%emt 0:00:02]} 24. h3 {[%emt 0:00:27]} Rxa2 {[%emt 0:00:
03]} 25. Kh2 {[%emt 0:00:03]} f5 {[%emt 0:00:07]} 26. Qd3 {[%emt 0:00:03]} Ndf6
{[%emt 0:00:08]} 27. Qb1 {[%emt 0:00:02]} Nc3 {[%emt 0:00:04]} 28. Qd3 {[%emt
0:00:04]} Nfe4 {[%emt 0:00:02]} 29. b4 {[%emt 0:00:06]} Nf2 {[%emt 0:00:07]}
30. Qf1 {[%emt 0:00:06]} Bxe3 {[%emt 0:00:06]} 31. Kg3 {[%emt 0:00:45]} Nfe4+ {
[%emt 0:00:05]} 32. Kh4 {[%emt 0:00:02]} Bf2+ {[%emt 0:00:08]} 33. Kh5 {[%emt
0:00:04]} Ng3+ {[%emt 0:00:01]} 34. Kg5 {[%emt 0:00:01]} h6+ {[%emt 0:00:04]}
35. Kg6 {[%emt 0:00:02]} Nxf1 {[%emt 0:00:02] drift resigns} 0-1

[Event "Villarobledo Online Qualifyer"]
[Site "playchess.com #155672"]
[Date "2009.05.23"]
[Round "12"]
[White "Murri"]
[Black "Master--Sim"]
[Result "1/2-1/2"]
[WhiteElo "1811"]
[BlackElo "2038"]
[PlyCount "102"]
[EventDate "2009.05.23"]
[EventType "swiss (blitz)"]

1. d4 {[%emt 0:00:00]} g6 {[%emt 0:00:04]} 2. c4 {[%emt 0:00:02]} Bg7 {[%emt 0:
00:01]} 3. Nc3 {[%emt 0:00:02]} d6 {[%emt 0:00:00]} 4. e4 {[%emt 0:00:01]} Nc6
{[%emt 0:00:01]} 5. Nf3 {[%emt 0:00:01]} e5 {[%emt 0:00:02]} 6. Be3 {[%emt 0:
00:03]} f5 {[%emt 0:00:02]} 7. exf5 {[%emt 0:00:06]} Bxf5 {[%emt 0:00:01]} 8.
dxe5 {[%emt 0:00:04]} Nxe5 {[%emt 0:00:02]} 9. Nxe5 {[%emt 0:00:15]} Bxe5 {
[%emt 0:00:00]} 10. Bd4 {[%emt 0:00:01]} Qe7 {[%emt 0:00:04]} 11. Bxe5 {[%emt
0:00:06]} Qxe5+ {[%emt 0:00:01]} 12. Qe2 {[%emt 0:00:01]} O-O-O {[%emt 0:00:14]
} 13. Qxe5 {[%emt 0:00:02]} dxe5 {[%emt 0:00:00]} 14. Be2 {[%emt 0:00:03]} Nf6
{[%emt 0:00:02]} 15. O-O {[%emt 0:00:03]} Rd4 {[%emt 0:00:02]} 16. b3 {[%emt 0:
00:07]} Rhd8 {[%emt 0:00:03]} 17. Rad1 {[%emt 0:00:05]} c5 {[%emt 0:00:06]} 18.
Nb5 {[%emt 0:00:08]} Rxd1 {[%emt 0:00:04]} 19. Rxd1 {[%emt 0:00:03]} Rxd1+ {
[%emt 0:00:02]} 20. Bxd1 {[%emt 0:00:01]} a6 {[%emt 0:00:05]} 21. Nd6+ {[%emt
0:00:02]} Kc7 {[%emt 0:00:02]} 22. Nxf5 {[%emt 0:00:03]} gxf5 {[%emt 0:00:00]}
23. f3 {[%emt 0:00:01]} h6 {[%emt 0:00:05]} 24. Kf2 {[%emt 0:00:02]} Kd6 {
[%emt 0:00:04]} 25. Bc2 {[%emt 0:00:01]} f4 {[%emt 0:00:02]} 26. Bf5 {[%emt 0:
00:08]} Ne8 {[%emt 0:00:05]} 27. Ke2 {[%emt 0:00:08]} Ke7 {[%emt 0:00:07]} 28.
Kd3 {[%emt 0:00:06]} Nd6 {[%emt 0:00:02]} 29. Be4 {[%emt 0:00:07]} b6 {[%emt 0:
00:03]} 30. Bh7 {[%emt 0:00:10]} Kf6 {[%emt 0:00:04]} 31. Be4 {[%emt 0:00:06]}
h5 {[%emt 0:00:01]} 32. Bh7 {[%emt 0:00:14]} Kg5 {[%emt 0:00:01]} 33. Ke2 {
[%emt 0:00:06]} h4 {[%emt 0:00:03]} 34. h3 {[%emt 0:00:03]} Kf6 {[%emt 0:00:08]
} 35. Kd3 {[%emt 0:00:03]} Ke7 {[%emt 0:00:02]} 36. Bg6 {[%emt 0:00:04]} Kd8 {
[%emt 0:00:01]} 37. Be4 {[%emt 0:00:01]} Kc7 {[%emt 0:00:01]} 38. Bd5 {[%emt 0:
00:05]} b5 {[%emt 0:00:02]} 39. Kc3 {[%emt 0:00:04]} Kb6 {[%emt 0:00:01]} 40.
Be6 {[%emt 0:00:08]} a5 {[%emt 0:00:01]} 41. cxb5 {[%emt 0:00:07]} Kxb5 {[%emt
0:00:01]} 42. Bd7+ {[%emt 0:00:03]} Kb6 {[%emt 0:00:03]} 43. a4 {[%emt 0:00:03]
} Kc7 {[%emt 0:00:08]} 44. Be6 {[%emt 0:00:02]} Kd8 {[%emt 0:00:02]} 45. Kd3 {
[%emt 0:00:03]} Ke7 {[%emt 0:00:01]} 46. Bd5 {[%emt 0:00:02]} Kf6 {[%emt 0:00:
01]} 47. Be4 {[%emt 0:00:10]} Ke6 {[%emt 0:00:02]} 48. Bc6 {[%emt 0:00:02]} e4+
{[%emt 0:00:06]} 49. Bxe4 {[%emt 0:00:04]} Ke5 {[%emt 0:00:01]} 50. Bc6 {[%emt
0:00:07]} Kf6 {[%emt 0:00:02]} 51. Bd5 {[%emt 0:00:07]} Ke5 {[%emt 0:00:01]
Master--Sim bietet Remis} 1/2-1/2

[Event "Villarobledo Online Qualifyer"]
[Site "playchess.com #155672"]
[Date "2009.05.23"]
[Round "12"]
[White "The bluff"]
[Black "Hauberk"]
[Result "0-1"]
[WhiteElo "2276"]
[BlackElo "2338"]
[PlyCount "46"]
[EventDate "2009.05.23"]
[EventType "swiss (blitz)"]

1. e4 {[%emt 0:00:01]} e5 {[%emt 0:00:01]} 2. f4 {[%emt 0:00:03]} exf4 {[%emt
0:00:02]} 3. Nf3 {[%emt 0:00:01]} g5 {[%emt 0:00:01]} 4. h4 {[%emt 0:00:01]} g4
{[%emt 0:00:11]} 5. Ne5 {[%emt 0:00:01]} d6 {[%emt 0:00:22]} 6. Nxg4 {[%emt 0:
00:03]} Be7 {[%emt 0:00:02] The bluff réclame le gain suite à déconnexion
Hauberk claims win on disconnect} 7. Qf3 {[%emt 0:00:53] The bluff réclame le
gain suite à déconnexion} Bxh4+ {[%emt 0:00:12]} 8. Nf2 {[%emt 0:00:02] The
bluff réclame le gain suite à déconnexion} Qg5 {[%emt 0:00:22]} 9. d4 {[%emt 0:
00:12]} Nc6 {[%emt 0:00:01]} 10. Bb5 {[%emt 0:00:13] The bluff réclame le gain
suite à déconnexion} Bxf2+ {[%emt 0:00:16]} 11. Qxf2 {[%emt 0:00:05]} Qxb5 {
[%emt 0:00:02]} 12. Nc3 {[%emt 0:00:01] The bluff réclame le gain suite à
déconnexion} Qb4 {[%emt 0:00:10]} 13. Bd2 {[%emt 0:00:22] The bluff réclame le
gain suite à déconnexion} Qxd4 {[%emt 0:00:03]} 14. Qxf4 {[%emt 0:00:05]} Qe5 {
[%emt 0:00:09]} 15. Qe3 {[%emt 0:00:19] The bluff réclame le gain suite à
déconnexion} Bg4 {[%emt 0:00:06]} 16. Nd5 {[%emt 0:00:03] The bluff réclame le
gain suite à déconnexion} Nf6 {[%emt 0:00:43]} 17. Nxf6+ {[%emt 0:00:49] The
bluff réclame le gain suite à déconnexion} Qxf6 {[%emt 0:00:02]} 18. Bc3 {
[%emt 0:00:02]} Ne5 {[%emt 0:00:01]} 19. a4 {[%emt 0:00:19] The bluff réclame
le gain suite à déconnexion} Qe7 {[%emt 0:00:07] '} 20. Rf1 {[%emt 0:00:03]} b6
{[%emt 0:00:04]} 21. Kd2 {[%emt 0:00:01]} Nc4+ {[%emt 0:00:02]} 22. Kd3 {[%emt
0:00:01]} Nxe3 {[%emt 0:00:00]} 23. Kxe3 {[%emt 0:00:00] The bluff abandonne}
O-O-O {[%emt 0:00:02]} 0-1

[Event "Villarobledo Online Qualifyer"]
[Site "playchess.com #155672"]
[Date "2009.05.23"]
[Round "12"]
[White "fritaldbx"]
[Black "marx"]
[Result "0-1"]
[WhiteElo "1303"]
[BlackElo "1351"]
[PlyCount "52"]
[EventDate "2009.05.23"]
[EventType "swiss (blitz)"]

1. c4 {[%emt 0:00:04]} Nf6 {[%emt 0:00:02]} 2. d4 {[%emt 0:00:03]} d5 {[%emt 0:
00:02]} 3. c5 {[%emt 0:00:05]} Bf5 {[%emt 0:00:03]} 4. g3 {[%emt 0:00:06]} h5 {
[%emt 0:00:09]} 5. Nf3 {[%emt 0:00:04]} Nbd7 {[%emt 0:00:13]} 6. Bg2 {[%emt 0:
00:03]} e5 {[%emt 0:00:03]} 7. dxe5 {[%emt 0:00:14]} Nxe5 {[%emt 0:00:02]} 8.
Nxe5 {[%emt 0:00:04]} Bxc5 {[%emt 0:00:01]} 9. O-O {[%emt 0:00:26]} Qe7 {[%emt
0:00:02]} 10. Nd3 {[%emt 0:00:13]} Bb6 {[%emt 0:00:15]} 11. Nc3 {[%emt 0:00:04]
} c6 {[%emt 0:00:04]} 12. b3 {[%emt 0:00:21]} h4 {[%emt 0:00:01]} 13. Bf4 {
[%emt 0:00:06]} hxg3 {[%emt 0:00:03]} 14. Bxg3 {[%emt 0:00:03]} Bc7 {[%emt 0:
00:05]} 15. Qe1 {[%emt 0:00:10]} Ng4 {[%emt 0:00:06]} 16. f4 {[%emt 0:00:14]}
Bb6+ {[%emt 0:00:32]} 17. Kh1 {[%emt 0:00:13]} O-O-O {[%emt 0:00:30]} 18. Ne5 {
[%emt 0:00:07]} Nxh2 {[%emt 0:00:16]} 19. Bxh2 {[%emt 0:00:03]} Rxh2+ {[%emt 0:
00:01]} 20. Kxh2 {[%emt 0:00:08]} Rh8+ {[%emt 0:00:01]} 21. Bh3 {[%emt 0:00:15]
} Rxh3+ {[%emt 0:00:02]} 22. Kg2 {[%emt 0:00:03]} Qf6 {[%emt 0:00:16]} 23. e3 {
[%emt 0:00:32]} Bc7 {[%emt 0:00:11] '} 24. Kf2 {[%emt 0:00:02]} Bxe5 {[%emt 0:
00:01]} 25. fxe5 {[%emt 0:00:02]} Qxe5 {[%emt 0:00:06]} 26. Kg1 {[%emt 0:00:05]
} Qh2# {[%emt 0:00:03]} 0-1

[Event "Villarobledo Online Qualifyer"]
[Site "playchess.com #155672"]
[Date "2009.05.23"]
[Round "12"]
[White "BigBee"]
[Black "Elo 84"]
[Result "1-0"]
[WhiteElo "1790"]
[BlackElo "1693"]
[PlyCount "87"]
[EventDate "2009.05.23"]
[EventType "swiss (blitz)"]

1. d4 {[%emt 0:00:03]} Nf6 {[%emt 0:00:01]} 2. Nf3 {[%emt 0:00:02]} g6 {[%emt
0:00:02]} 3. g3 {[%emt 0:00:02]} Bg7 {[%emt 0:00:01]} 4. Bg2 {[%emt 0:00:01]}
d5 {[%emt 0:00:00]} 5. O-O {[%emt 0:00:01]} O-O {[%emt 0:00:01]} 6. c4 {[%emt
0:00:01]} dxc4 {[%emt 0:00:01]} 7. a4 {[%emt 0:00:04]} Be6 {[%emt 0:00:07]} 8.
Ng5 {[%emt 0:00:03]} Bd5 {[%emt 0:00:03]} 9. e4 {[%emt 0:00:03]} h6 {[%emt 0:
00:04]} 10. exd5 {[%emt 0:00:13]} hxg5 {[%emt 0:00:01]} 11. d6 {[%emt 0:00:03]}
c6 {[%emt 0:00:09]} 12. dxe7 {[%emt 0:00:02]} Qxe7 {[%emt 0:00:03]} 13. Bxg5 {
[%emt 0:00:02]} Nbd7 {[%emt 0:00:02]} 14. Nd2 {[%emt 0:00:05]} Nb6 {[%emt 0:00:
05]} 15. a5 {[%emt 0:00:02]} Nbd5 {[%emt 0:00:06]} 16. Nxc4 {[%emt 0:00:02]}
Qb4 {[%emt 0:00:03]} 17. Ne5 {[%emt 0:00:10]} Qxb2 {[%emt 0:00:05]} 18. Rb1 {
[%emt 0:00:02]} Qa3 {[%emt 0:00:06]} 19. Rxb7 {[%emt 0:00:04]} Qxa5 {[%emt 0:
00:04]} 20. Nxc6 {[%emt 0:00:07]} Qa6 {[%emt 0:00:03]} 21. Bxf6 {[%emt 0:00:11]
} Qxc6 {[%emt 0:00:07]} 22. Bxg7 {[%emt 0:00:06]} Qxb7 {[%emt 0:00:08]} 23.
Bxf8 {[%emt 0:00:02]} Kxf8 {[%emt 0:00:01]} 24. Qd3 {[%emt 0:00:14]} Qd7 {
[%emt 0:00:05]} 25. Qa3+ {[%emt 0:00:05]} Kg7 {[%emt 0:00:03]} 26. Rd1 {[%emt
0:00:11]} Rd8 {[%emt 0:00:04]} 27. h4 {[%emt 0:00:03]} Nb6 {[%emt 0:00:06]} 28.
Qb2 {[%emt 0:00:04]} Nc4 {[%emt 0:00:12]} 29. Qc3 {[%emt 0:00:03]} Nd6 {[%emt
0:00:16]} 30. d5+ {[%emt 0:00:02]} f6 {[%emt 0:00:00]} 31. Re1 {[%emt 0:00:06]}
Re8 {[%emt 0:00:03]} 32. Rxe8 {[%emt 0:00:12]} Nxe8 {[%emt 0:00:01]} 33. Qc5 {
[%emt 0:00:04]} Kf7 {[%emt 0:00:15]} 34. Bf3 {[%emt 0:00:05]} Kg7 {[%emt 0:00:
02]} 35. Be2 {[%emt 0:00:03]} Qc7 {[%emt 0:00:10]} 36. Qb5 {[%emt 0:00:10]} Nd6
{[%emt 0:00:03]} 37. Qb4 {[%emt 0:00:01]} Nf5 {[%emt 0:00:13]} 38. Bd3 {[%emt
0:00:09]} Nd6 {[%emt 0:00:13]} 39. Qa4 {[%emt 0:00:04]} Kf7 {[%emt 0:00:05]}
40. Kg2 {[%emt 0:00:12]} f5 {[%emt 0:00:02]} 41. Qf4 {[%emt 0:00:08]} Kg7 {
[%emt 0:00:04]} 42. Qe5+ {[%emt 0:00:02]} Kh6 {[%emt 0:00:03]} 43. Qf6 {[%emt
0:00:03]} Qc5 {[%emt 0:00:12]} 44. Qh8# {[%emt 0:00:04]} 1-0